000 00479nam a2200181Ia 4500
005 20250326125959.0
008 250326s9999 xx 000 0 und d
037 _aTextbook
040 _aFMSL
_beng
_cFMSL
041 _aeng
_2eng
084 _aX:5.1 N8
_qFMSL
100 _aGovt. OF India
245 0 _aIndia trade agreements
_cGovt. OF India
260 _aDelhi
_bDelhi, Division
_c1968
300 _a364p
942 _cTB
_hX:5.1 N8
999 _c1280431
_d1280431